空洞骑士:丝之歌全boss - hollow knight: silksong all boss - Statistics

General Stats
  • This quiz has been taken 6 times
  • The average score is 14 of 43
Answer Stats
Hint Answer % Correct
苔穴/阿特拉织巢 苔藓之母
100%
远野 第四圣咏团
100%
髓骨洞窟/苔穴(骸底镇) 骷髅暴君
83%
深坞/摇篮圣所 蕾丝
83%
机枢核心 机枢舞者
83%
髓骨洞窟 钟道兽
67%
腐汁泽(腐安乡) 伟大的格洛
67%
深渊 失心蕾丝
67%
灰沼 沙克拉
50%
钟心镇 黑寡妇
50%
蚀阶 末代裁决者
50%
低语书库(剧台) 特罗比奥
50%
罪石牢狱 育母
50%
罪石牢狱 原罪者
50%
摇篮圣所 苍白之母
50%
腐汁泽(废鸣管风琴) 幽影
50%
费耶山 针姬
50%
猎者小径/远野 残暴的兽蝇
33%
白愈厅 散茧魂渊
33%
高庭 次席戍卫
33%
卡拉卡沙川(珊瑚尖塔) 壳王卡汗
33%
灰沼 荒沼翼主
17%
甲木林 碎裂者修女
17%
任意钟道 噬钟者
17%
巨扉圣门 尼莱斯
17%
卡拉卡沙川 狂暴的螺蝇
17%
卡拉卡沙川 边陲守望者
17%
卡拉卡沙川(电荷巢穴) 伏特维姆
17%
翠庭 苍白苜鹿
17%
翠庭 三叶草舞者
17%
苔穴 虚面救世主
0%
深坞 监工兄弟西格尼斯&格隆
0%
远野 被放逐的格尔
0%
远野 斯卡尔歌后卡梅莉塔
0%
灰沼(腐囊虫泽) 腐囊之父
0%
蚀阶 巨型螺蝇
0%
蚀阶 失心加蒙德
0%
罪途 失格大厨卢戈利
0%
低语书库(剧台) 苦痛的特罗比奥
0%
圣咏殿 加蒙德&扎扎
0%
火灵竹丛 炽焰之父
0%
沙噬虫道 生质异化的赞戈
0%
巨扉圣门 圣所守卫者赛斯
0%
No matching quizzes found
Score Distribution
Percent of People with Each Score
Percentile by Number Answered
Your Score History
You have not taken this quiz